Αφιερώματα και δωρεές τον 16ο αι. στη Μ. Εκκλησία : θεσμικές όψεις της ευσέβειας
Saved in:
| Main Author: | |
|---|---|
| Other Authors: | |
| Format: | Book |
| Language: | Greek |
| Published: |
Αθήνα :
Κέντρο Νεοελληνικών Ερευνών Εθνικού Ιδρύματος Ερευνών,
2002.
|
| Series: | Κέντρο Νεοελληνικών Ερευνών Εθνικού Ιδρύματος Ερευνών ;
78 |
| Subjects: | |
| Tags: |
Add Tag
No Tags, Be the first to tag this record!
|
MARC
| LEADER | 00000cam a2200000 i 4500 | ||
|---|---|---|---|
| 001 | 1/58287 | ||
| 008 | 071012s2002 gr | ||| |||| ||gre|| | ||
| 020 | |a 9607916190 | ||
| 035 | |l 10091463 | ||
| 040 | |a GR-MyUa |b gre |e AACR2 | ||
| 041 | 0 | |a gre | |
| 082 | 7 | |a 281.9495 |2 (22) | |
| 100 | 1 | |a Παΐζη-Αποστολοπούλου, Μάχη. | |
| 245 | 1 | 0 | |a Αφιερώματα και δωρεές τον 16ο αι. στη Μ. Εκκλησία : |b θεσμικές όψεις της ευσέβειας / |c Μάχη Παΐζη-Αποστολοπούλου, Δ.Γ. Αποστολόπουλος. |
| 260 | |a Αθήνα : |b Κέντρο Νεοελληνικών Ερευνών Εθνικού Ιδρύματος Ερευνών, |c 2002. | ||
| 300 | |a 220 σ. : |b εικ. ; |c 25 εκ. | ||
| 490 | 1 | |a (Κέντρο Νεοελληνικών Ερευνών Ε.Ι.Ε. ; |v 78) | |
| 500 | |a Το βιβλίο αυτό αποτελεί δημοσίευμα του ερευνητικού προγράμματος "Θεσμοί και ιδεολογία στην νεοελληνική κοινωνία". | ||
| 504 | |a Περιέχει βιβλιογραφία και ευρετήριο. | ||
| 610 | 1 | 0 | |a Constantinople (Ecumenical patriarchate) |x History. |
| 650 | 0 | |a Charitable bequests. | |
| 700 | 1 | |a Αποστολόπουλος, Δημήτρης Γ., |d 1941- | |
| 830 | 0 | |a Κέντρο Νεοελληνικών Ερευνών Εθνικού Ιδρύματος Ερευνών ; |v 78 | |
| 852 | |a INST |b LESVOS |e 20071012 |h 281.9495 ΠΑΙ |p 005100037617 |q 005100037617 |t BK |y 0 | ||
| 901 | |a BIBL1-2007-3 | ||
| 922 | |a 1ΕΛΗ |b 2007-08 |c ΕΠΕΑΕΚ2/ΤΚΑ |d Σ. ΠΑΤΑΚΗΣ | ||
| 970 | |a ΧΑΤΖΗΜΙΧΑΗΛ |b ΜΑΡΙΑ |z 2007/10/12 | ||